| 000 | 01221aam a2200313 4500 | ||
|---|---|---|---|
| 001 | 768714001 | ||
| 003 | CO-MdFUSB | ||
| 005 | 20180622074833.0 | ||
| 008 | 170428b xxu||||| |||| 00| 0 eng d | ||
| 020 | _a0-86012-200-X | ||
| 040 |
_aCO-MdFUSB _bspa _cCO-MdFUSB _dCO-MdFUSBC _erda |
||
| 041 | _aeng | ||
| 082 | 0 | 4 | _aG 232 S6779j |
| 100 | 1 |
_aSobrino, Jon _eautor |
|
| 245 | 1 | 0 |
_aJesus the liberator _b: A historical-theological reading of Jesus of Nazareth _c/ Jon Sobrino ; Translated by Paul Burns, Francis Mcdonagh |
| 264 | 1 |
_aKent, England : _bBurns & Oates, _c[1993] |
|
| 264 | 4 | _c©1993 | |
| 300 |
_a308 páginas _c; 24 cm. |
||
| 336 |
_2rdacontent _a1 _ba1 |
||
| 337 |
_2rdamedia _a2 _b5 |
||
| 338 |
_2rdacarrier _a2 _b5 |
||
| 501 | _aRústico | ||
| 505 | 0 | 0 | _a¿Por qué otro libro de cristología? - El método de la cristología latinoamericana - La misión y la fe de Jesús - La cruz de Jesús |
| 534 |
_cJesucristo liberador, Lectura histórica-teológica de Jesús de Nazaret \ Incluye índice (p. 303-308) _pTítulo original en español: |
||
| 600 | 0 | 7 |
_aJesucristo _xCrucifixión |
| 630 | 7 |
_aBiblia. _pEvangelios _xCrítica, interpretación, etc. |
|
| 650 | 7 |
_aCristología _9239 |
|
| 942 | _cBK | ||
| 999 |
_c46155 _d46155 |
||